| 000 | 00834nam a2200229 i 4500 | ||
|---|---|---|---|
| 001 | bg | ||
| 100 | 1 |
_aALLERHAND, Maurycy _d(1868-1942) |
|
| 245 | 1 | 0 |
_aPrawo upadłościowe. Prawo układowe : _borzecznictwo sądów polskich z lat 1936-1998, wzory pism w postępowaniu upadłościowym, przepisy wykonawcze i związkowe, skorowidz / _ckomentarz Maurycego Allerhanda. |
| 250 | _aStan prawny na dzień 20 marca 1998. | ||
| 260 |
_aBielsko-Biała : _b"Park", _c[1998]. |
||
| 300 |
_a799, [1] s. ; _c20 cm. |
||
| 504 | _aIndeksy. | ||
| 650 | 9 |
_aOrzecznictwo cywilne _zPolska _y20 w. |
|
| 650 | 9 |
_aUpadłość _xprawo _zPolska _ystan na 1998 r. |
|
| 020 | _a8387056332 | ||
| 040 | _cBPK | ||
| 041 | 0 | _apl | |
| 080 | _a347.736/.739:347.95](438) | ||
| 920 | _a83-87056-33-2 | ||
| 942 | _cKS | ||
| 008 | s pl f |000 0 pol | ||
| 999 |
_c33729 _d33729 |
||
| 856 |
_uhttp://koha.tu.koszalin.pl/cgi-bin/koha/opac-detail.pl?biblionumber=33729 _yKatalog online BPK |
||